Normal view
MARC view
- التسويق الاجتماعي
Entry Topical Term
001 - CONTROL NUMBER
- control field: 44362
003 - CONTROL NUMBER IDENTIFIER
- control field: JO-AjAnu
005 - DATE AND TIME OF LATEST TRANSACTION
- control field: 20230606081339.0
008 - FIXED-LENGTH DATA ELEMENTS
- fixed length control field: 230606|| aca||aabn | a|a d
040 ## - CATALOGING SOURCE
- Original cataloging agency: JO-AjAnu
- Transcribing agency: JO-AjAnu
150 ## - HEADING--TOPICAL TERM
- Topical term or geographic name entry element: التسويق الاجتماعي
670 ## - SOURCE DATA FOUND
- Source citation: Work cat.: (JO-AjAnu)22715: حسن، محمد عبد الغني/رضوى محمد هلال, author 44361, التسويق الاجتماعي: ادارة راس المال الاجتماعي=Social Markting